[Event "Seefeld op 13th"]
[Site "Seefeld"]
[Date "2002.09.14"]
[Round "1"]
[White "Kollmann, Othmar"]
[Black "Mertens, Klaus"]
[Result "0-1"]
[WhiteElo "1757"]
[BlackElo "2165"]
[PlyCount "96"]
[EventDate "2002.09.14"]
[EventType "swiss"]
[EventRounds "9"]
[EventCountry "AUT"]
[SourceTitle "EXT 2007"]
[Source "ChessBase"]
[SourceDate "2006.11.23"]
[SourceVersion "1"]
[SourceVersionDate "2006.11.23"]
[SourceQuality "1"]

1. e4 c5 2. Nf3 e6 3. d4 cxd4 4. Nxd4 a6 5. Nc3 Qc7 6. f4 Bb4 7. Qf3 Nc6 8. Nxc6 Qxc6 9. Bd2 Nf6 10. Bd3 b5 11. 0-0 Bb7 12. Rae1 0-0 13. a3 Ba5 14. e5 Qxf3 15. gxf3 Bxc3 16. Bxc3 Nd5 17. Bd4 Nxf4 18. Be3 Nd5 19. Bd2 Rac8 20. f4 g6 21. Rd1 f5 22. Kf2 Kf7 23. b3 Rg8 24. c4 Nc7 25. Ba5 Bc6 26. Bxc7 Rxc7 27. Rc1 Rb7 28. cxb5 axb5 29. h4 Ra7 30. a4 bxa4 31. b4 Rb8 32. Rb1 Rab7 33. b5 Bxb5 34. Bxb5 Rxb5 35. Rxb5 Rxb5 36. Ra1 Rb4 37. Ke3 Ke7 38. h5 gxh5 39. Rh1 a3 40. Rxh5 a2 41. Rxh7+ Kd8 42. Rh8+ Kc7 43. Ra8 Rb2 44. Kd3 d5 45. Kc3 Rf2 46. Ra4 Kc6 47. Kb3 Kc5 48. Kc3 Rxf4 0-1

[Event "Seefeld op 12th"]
[Site "Seefeld"]
[Date "2001.09.19"]
[Round "5"]
[White "Daebel, Hasso"]
[Black "Kollmann, Othmar"]
[Result "0-1"]
[WhiteElo "1373"]
[BlackElo "1734"]
[PlyCount "65"]
[EventDate "2001.09.15"]
[EventType "swiss"]
[EventRounds "9"]
[EventCountry "AUT"]
[SourceTitle "EXT 2002"]
[Source "ChessBase"]
[SourceDate "2001.11.25"]
[SourceVersion "1"]
[SourceVersionDate "2001.11.25"]
[SourceQuality "1"]

1. c4 c6 2. Nc3 Nf6 3. g3 d5 4. cxd5 cxd5 5. d4 Nc6 6. Bg2 e6 7. a3 Bd7 8. Bf4 Nh5 9. Be3 Na5 10. g4 Nf6 11. h3 Nc4 12. Bc1 Qa5 13. Kf1 Be7 14. Nf3 0-0 15. Ne5 Nxe5 16. dxe5 Ne8 17. b4 Bxb4 18. Nb1 Be7 19. Bd2 Qb6 20. Be3 Bc5 21. Bxc5 Qxc5 22. Nd2 f6 23. exf6 Nxf6 24. Qc1 Qd6 25. Qb2 Rac8 26. Bf3 Qf4 27. e3 Qd6 28. g5 Ne8 29. Bg4 Qg3 30. Nb3 Qxe3 31. h4 Qd3+ 32. Kg2 Rc2 33. Qxg7+ 0-1

[Event "Seefeld op 12th"]
[Site "Seefeld"]
[Date "2001.09.16"]
[Round "2"]
[White "Kollmann, Othmar"]
[Black "Jaenig, Reinhard"]
[Result "0-1"]
[WhiteElo "1734"]
[BlackElo "2073"]
[PlyCount "83"]
[EventDate "2001.09.15"]
[EventType "swiss"]
[EventRounds "9"]
[EventCountry "AUT"]
[SourceTitle "EXT 2002"]
[Source "ChessBase"]
[SourceDate "2001.11.25"]
[SourceVersion "1"]
[SourceVersionDate "2001.11.25"]
[SourceQuality "1"]

1. e4 c5 2. Nf3 e6 3. d4 cxd4 4. Nxd4 Qb6 5. Nc3 Bc5 6. Na4 Qa5+ 7. c3 Bxd4 8. Qxd4 Nf6 9. Qc5 Qxc5 10. Nxc5 b6 11. Nb3 Nxe4 12. Be2 Ba6 13. Bf3 f5 14. Be3 Nc6 15. Nd4 Ne5 16. 0-0-0 Nxf3 17. gxf3 Nc5 18. Rhg1 f4 19. Bxf4 Nd3+ 20. Rxd3 Bxd3 21. Rxg7 0-0-0 22. Nxe6 Rdg8 23. Rxg8+ Rxg8 24. Nd4 Rg1+ 25. Kd2 Bg6 26. c4 Ra1 27. a3 a5 28. Be5 Rf1 29. Bg3 Rb1 30. Kc3 Rd1 31. Nb5 Rd3+ 32. Kc2 Rxa3+ 33. Kd2 Rb3 34. Be5 Rxf3 35. Bd4 Kb7 36. Ke2 Rh3 37. Be5 Kc6 38. Bg3 Kc5 39. f4 Kxc4 40. Nd6+ Kd5 41. f5 Bh5+ 42. Ke3 0-1

[Event "Seefeld op 12th"]
[Site "Seefeld"]
[Date "2001.09.15"]
[Round "1"]
[White "Niedermayer, Anton"]
[Black "Kollmann, Othmar"]
[Result "1-0"]
[WhiteElo "2157"]
[BlackElo "1734"]
[PlyCount "75"]
[EventDate "2001.09.15"]
[EventType "swiss"]
[EventRounds "9"]
[EventCountry "AUT"]
[SourceTitle "EXT 2002"]
[Source "ChessBase"]
[SourceDate "2001.11.25"]
[SourceVersion "1"]
[SourceVersionDate "2001.11.25"]
[SourceQuality "1"]

1. c4 e5 2. Nc3 Nf6 3. g3 d5 4. cxd5 Nxd5 5. Bg2 c6 6. d3 Bb4 7. Bd2 Nxc3 8. bxc3 Bc5 9. Nf3 Qe7 10. Qc2 Bf5 11. 0-0 Nd7 12. a4 0-0 13. Bg5 f6 14. Bc1 Nb6 15. a5 Nc8 16. Nd2 Qe6 17. Ne4 Be7 18. Ba3 Bxa3 19. Rxa3 Bxe4 20. Bxe4 Nd6 21. Bg2 Nb5 22. Ra4 Nd6 23. a6 b5 24. Raa1 Rac8 25. Rfc1 f5 26. c4 bxc4 27. dxc4 e4 28. c5 Nb5 29. e3 Qe5 30. Bf1 Rfd8 31. Rab1 Rb8 32. Bxb5 cxb5 33. c6 Qc7 34. Qc5 Rb6 35. Rxb5 Rxa6 36. Rb7 Qd6 37. Qxd6 Rxd6 38. c7 1-0